Promítací technika pro 8mm a 16mm film v praxi : provoz, údržba a opravy /

Uložené v:
Podrobná bibliografia
Hlavný autor: Skříčka, Metoděj (Author)
Médium: Kniha
Jazyk:Czech
Vydané: Praha : Státní nakladatelství technické literatury, 1977.
Vydanie:2. vyd.
Edícia:Řada strojírenské literatury
ISBN: (viaz.)
Fyzický popis: 326 s. : ob., fot.
Tagy: Pridať tag
Žiadne tagy, Buďte prvý kto otaguje tento záznam!

MARC

LEADER 00000nam a22000001 4500
001 000148621
005 20091019102024.0
008 970516s1977 xr cze d
020 |a (viaz.) 
040 |a SVKKK  |b slo  |c SVKKK  |e AACR2 
041 0 |a cze 
044 |a xr  |c CZ 
100 1 |a Skříčka, Metoděj  |4 aut 
245 1 0 |a Promítací technika pro 8mm a 16mm film v praxi :  |b provoz, údržba a opravy /  |c Metoděj Skříčka. 
250 |a 2. vyd. 
260 |a Praha :  |b Státní nakladatelství technické literatury,  |c 1977. 
300 |a 326 s. :  |b ob., fot. 
366 |e 8200 výt. 
490 1 |a Řada strojírenské literatury 
500 |a Obálka : Miroslav Houska 
910 |a svkkk 
998 |a BK 
090 |g SCKHL  |k Sklad Pribinova 2. posch.  |a II.232738  |j 562893  |i 148621-10  |s Absenčne 
090 |g SCKHL  |k Sklad Pribinova 2. posch.  |a II.232739  |j 562894  |i 148621-20  |s Absenčne 
090 |g SCKHL  |k Sklad Pribinova 2. posch.  |a II.232740  |j 562895  |i 148621-30  |s Absenčne